<?xml version="1.0" encoding="UTF-8"?>
<record
    xmlns:xsi="http://www.w3.org/2001/XMLSchema-instance"
    xsi:schemaLocation="http://www.loc.gov/MARC21/slim http://www.loc.gov/standards/marcxml/schema/MARC21slim.xsd"
    xmlns="http://www.loc.gov/MARC21/slim">

  <leader>04996cam a2200469 i 4500</leader>
  <controlfield tag="001">om962581304</controlfield>
  <controlfield tag="003">EG-ScBUE</controlfield>
  <controlfield tag="005">20240211134627.0</controlfield>
  <controlfield tag="008">180817t2020    ua ah  f b    001 0 eng d</controlfield>
  <datafield tag="020" ind1=" " ind2=" ">
    <subfield code="a">9789774168918</subfield>
  </datafield>
  <datafield tag="040" ind1=" " ind2=" ">
    <subfield code="a">YDX</subfield>
    <subfield code="b">eng</subfield>
    <subfield code="e">rda</subfield>
    <subfield code="c">YDX</subfield>
    <subfield code="d">BDX</subfield>
    <subfield code="d">OCLCQ</subfield>
    <subfield code="d">A7U</subfield>
    <subfield code="d">OCLCO</subfield>
    <subfield code="d">MEAUC</subfield>
    <subfield code="d">OCLCF</subfield>
    <subfield code="d">AVA</subfield>
    <subfield code="d">AMH</subfield>
    <subfield code="d">DGW</subfield>
    <subfield code="d">CBY</subfield>
    <subfield code="d">S1C</subfield>
    <subfield code="d">ZAQ</subfield>
    <subfield code="d">OCL</subfield>
    <subfield code="d">NJR</subfield>
    <subfield code="d">EG-ScBUE</subfield>
  </datafield>
  <datafield tag="043" ind1=" " ind2=" ">
    <subfield code="a">ma-----</subfield>
  </datafield>
  <datafield tag="082" ind1="0" ind2="4">
    <subfield code="a">741.6</subfield>
    <subfield code="2">22</subfield>
    <subfield code="b">SHE</subfield>
  </datafield>
  <datafield tag="100" ind1="1" ind2=" ">
    <subfield code="a">Shehab, Bahia,</subfield>
    <subfield code="e">author.</subfield>
  </datafield>
  <datafield tag="245" ind1="1" ind2="2">
    <subfield code="a">A history of Arab graphic design /</subfield>
    <subfield code="c">Bahia Shehab and Haytham Nawar.</subfield>
  </datafield>
  <datafield tag="264" ind1=" " ind2="1">
    <subfield code="a">Cairo ;</subfield>
    <subfield code="a">New York :</subfield>
    <subfield code="b">The American University in Cairo Press,</subfield>
    <subfield code="c">[2020]</subfield>
  </datafield>
  <datafield tag="264" ind1=" " ind2="4">
    <subfield code="c">&#xA9;2020</subfield>
  </datafield>
  <datafield tag="300" ind1=" " ind2=" ">
    <subfield code="a">382 pages :</subfield>
    <subfield code="b">illustrations (chiefly color), facsimiles ;</subfield>
    <subfield code="c">24 cm</subfield>
  </datafield>
  <datafield tag="336" ind1=" " ind2=" ">
    <subfield code="a">text</subfield>
    <subfield code="b">txt</subfield>
    <subfield code="2">rdacontent</subfield>
  </datafield>
  <datafield tag="336" ind1=" " ind2=" ">
    <subfield code="a">still image</subfield>
    <subfield code="b">sti</subfield>
    <subfield code="2">rdacontent</subfield>
  </datafield>
  <datafield tag="337" ind1=" " ind2=" ">
    <subfield code="a">unmediated</subfield>
    <subfield code="b">n</subfield>
    <subfield code="2">rdacontent</subfield>
  </datafield>
  <datafield tag="338" ind1=" " ind2=" ">
    <subfield code="a">volume</subfield>
    <subfield code="b">nc</subfield>
    <subfield code="2">rdacarrier</subfield>
  </datafield>
  <datafield tag="504" ind1=" " ind2=" ">
    <subfield code="a">Includes bibliographical references and index.</subfield>
  </datafield>
  <datafield tag="505" ind1="0" ind2="0">
    <subfield code="t">Pre-1900: Sources of Inspiration for Arab Design : Decoding Islamic Visual Language --</subfield>
    <subfield code="t">Early Arabic Printing --</subfield>
    <subfield code="t">1900-1919: Artists and Calligraphers: Early Designers : Foundation of Art Education in the Arab World --</subfield>
    <subfield code="t">Arabic Calligraphy Designers --</subfield>
    <subfield code="t">Early Arab Advertising --</subfield>
    <subfield code="t">Arab Philately --</subfield>
    <subfield code="t">1920-1939: Design for the Masses : The Formation of Arab Magazines and Newspapers --</subfield>
    <subfield code="t">The Arabic Typewriter --</subfield>
    <subfield code="t">Design for Cinema --</subfield>
    <subfield code="t">1940-1959: Arab Design and Modernity : Independence of Arab States --</subfield>
    <subfield code="t">Design for Culture --</subfield>
    <subfield code="t">Arabic for the People --</subfield>
    <subfield code="t">The Father of Sudanese Graphic Design --</subfield>
    <subfield code="t">Arab Graphic Design Pioneers --</subfield>
    <subfield code="t">1960-1969: Arab Design and the Palestinian Resistance : The Emergence of the Resistance Poster --</subfield>
    <subfield code="t">Arab Centers of Knowledge --</subfield>
    <subfield code="t">The Problem of Arabic --</subfield>
    <subfield code="t">Second-Generation Arab Designers --</subfield>
    <subfield code="t">1970-1979: Arab Designers in Exile : The Lebanese Civil War --</subfield>
    <subfield code="t">The Syrian Design School --</subfield>
    <subfield code="t">Migrating Designers of Iraq --</subfield>
    <subfield code="t">Design and Post-Socialism in Egypt --</subfield>
    <subfield code="t">Arab African Design --</subfield>
    <subfield code="t">Third-Generation Arab Designers --</subfield>
    <subfield code="t">1980-1989: Design and the Search for a New Identity : Arabic Typography --</subfield>
    <subfield code="t">Lebanese Limbo --</subfield>
    <subfield code="t">Sudanese Designers in the Diaspora --</subfield>
    <subfield code="t">Egyptian Design after the Open Door Policy --</subfield>
    <subfield code="t">Fourth-Generation Arab Designers --</subfield>
    <subfield code="t">1990-2000: Rebirth of Arab Design : Post-Lebanese Civil War Influx of Talent --</subfield>
    <subfield code="t">Inspiring the Next Generation --</subfield>
    <subfield code="t">The Artist Designs.</subfield>
  </datafield>
  <datafield tag="520" ind1="8" ind2=" ">
    <subfield code="a">"Arab graphic design emerged in the early twentieth century out of a need to influence, and give expression to, the far-reaching economic, social, and political changes that were taking place in the Arab world at the time. But graphic design as a formally recognized genre of visual art only came into its own in the region in the twenty-first century and, to date, there has been no published study on the subject to speak of. A History of Arab Graphic Design traces the people and events that were integral to the shaping of a field of graphic design in the Arab world. Examining the work of over eighty key designers from Morocco to Iraq, and covering the period from pre-1900 to the end of the twentieth century, Bahia Shehab and Haytham Nawar chart the development of design in the region, beginning with Islamic art and Arabic calligraphy, and their impact on Arab visual culture, through to the digital revolution and the arrival of the Internet. They look at how cinema, economic prosperity, and political and cultural events gave birth to and shaped the founders of Arab graphic design. Highlighting the work of key designers and stunningly illustrated with 360 colour images, A History of Arab Graphic Design is an invaluable resource tool for graphic designers, one which, it is hoped, will place Arab visual culture and design on the map of a thriving international design discourse"--</subfield>
    <subfield code="c">Provided by publisher.</subfield>
  </datafield>
  <datafield tag="650" ind1=" " ind2="7">
    <subfield code="a">Graphic arts</subfield>
    <subfield code="z">Arab countries</subfield>
    <subfield code="y">20th century.</subfield>
    <subfield code="2">BUEsh</subfield>
  </datafield>
  <datafield tag="650" ind1=" " ind2="7">
    <subfield code="a">Graphic design (Typography)</subfield>
    <subfield code="z">Arab countries</subfield>
    <subfield code="y">20th century.</subfield>
    <subfield code="2">BUEsh</subfield>
  </datafield>
  <datafield tag="650" ind1=" " ind2="7">
    <subfield code="a">Graphic arts</subfield>
    <subfield code="z">Arab countries</subfield>
    <subfield code="y">20th century</subfield>
    <subfield code="v">Pictorial works.</subfield>
    <subfield code="2">BUEsh</subfield>
  </datafield>
  <datafield tag="650" ind1=" " ind2="7">
    <subfield code="a">Graphic design (Typography)</subfield>
    <subfield code="z">Arab countries</subfield>
    <subfield code="y">20th century</subfield>
    <subfield code="v">Pictorial works.</subfield>
    <subfield code="2">BUEsh</subfield>
  </datafield>
  <datafield tag="650" ind1=" " ind2="7">
    <subfield code="a">Graphic arts</subfield>
    <subfield code="z">Arab countries</subfield>
    <subfield code="y">21st century.</subfield>
    <subfield code="2">BUEsh</subfield>
  </datafield>
  <datafield tag="650" ind1=" " ind2="7">
    <subfield code="a">Graphic design (Typography)</subfield>
    <subfield code="z">Arab countries</subfield>
    <subfield code="y">21st century.</subfield>
    <subfield code="2">BUEsh</subfield>
  </datafield>
  <datafield tag="650" ind1=" " ind2="7">
    <subfield code="a">Graphic arts</subfield>
    <subfield code="z">Arab countries</subfield>
    <subfield code="y">21st century</subfield>
    <subfield code="v">Pictorial works.</subfield>
    <subfield code="2">BUEsh</subfield>
  </datafield>
  <datafield tag="650" ind1=" " ind2="7">
    <subfield code="a">Graphic design (Typography)</subfield>
    <subfield code="z">Arab countries</subfield>
    <subfield code="y">21st century</subfield>
    <subfield code="v">Pictorial works.</subfield>
    <subfield code="2">BUEsh</subfield>
  </datafield>
  <datafield tag="650" ind1=" " ind2="7">
    <subfield code="a">Posters</subfield>
    <subfield code="z">Arab countries</subfield>
    <subfield code="y">20th century</subfield>
    <subfield code="v">Pictorial works.</subfield>
    <subfield code="2">BUEsh</subfield>
  </datafield>
  <datafield tag="650" ind1=" " ind2="7">
    <subfield code="a">Posters</subfield>
    <subfield code="z">Arab countries</subfield>
    <subfield code="y">21st century</subfield>
    <subfield code="v">Pictorial works.</subfield>
    <subfield code="2">BUEsh</subfield>
  </datafield>
  <datafield tag="653" ind1=" " ind2=" ">
    <subfield code="c">February2024</subfield>
    <subfield code="b">ENGARC</subfield>
  </datafield>
  <datafield tag="655" ind1=" " ind2="7">
    <subfield code="a">History.</subfield>
    <subfield code="2">fast</subfield>
    <subfield code="0">(OCoLC)fst01411628</subfield>
    <subfield code="v">Reading book</subfield>
  </datafield>
  <datafield tag="700" ind1="1" ind2=" ">
    <subfield code="a">Nawar, Haytham,</subfield>
    <subfield code="e">author.</subfield>
  </datafield>
  <datafield tag="942" ind1=" " ind2=" ">
    <subfield code="2">ddc</subfield>
    <subfield code="c">BB</subfield>
  </datafield>
  <datafield tag="949" ind1=" " ind2=" ">
    <subfield code="t">NONCIRC</subfield>
    <subfield code="l">_ULDEMAND</subfield>
    <subfield code="m">I-UNIVLIB</subfield>
    <subfield code="o">.PUBLIC. Books on Demand service for IUPUI University Library users only</subfield>
    <subfield code="o">.PUBLIC. Click the &#x201C;Get this for IUPUI&#x201D; button to submit a request.</subfield>
  </datafield>
  <datafield tag="999" ind1=" " ind2=" ">
    <subfield code="c">30655</subfield>
    <subfield code="d">30626</subfield>
  </datafield>
  <datafield tag="952" ind1=" " ind2=" ">
    <subfield code="0">0</subfield>
    <subfield code="1">0</subfield>
    <subfield code="2">ddc</subfield>
    <subfield code="4">0</subfield>
    <subfield code="7">0</subfield>
    <subfield code="8">AUC</subfield>
    <subfield code="a">MAIN</subfield>
    <subfield code="b">MAIN</subfield>
    <subfield code="c">2ND</subfield>
    <subfield code="d">2024-02-11</subfield>
    <subfield code="e">Purchase</subfield>
    <subfield code="g">960.00</subfield>
    <subfield code="l">2</subfield>
    <subfield code="m">2</subfield>
    <subfield code="o">741.6 SHE</subfield>
    <subfield code="p">000057001</subfield>
    <subfield code="r">2026-01-21 00:00:00</subfield>
    <subfield code="s">2025-11-11</subfield>
    <subfield code="v">1200.00</subfield>
    <subfield code="w">2024-02-11</subfield>
    <subfield code="y">BB</subfield>
  </datafield>
</record>
